|
|
|
|
| LEADER |
00000naa2a2200000 4500 |
| 001 |
685947 |
| 005 |
20260403104802.0 |
| 090 |
|
|
|a 685947
|
| 100 |
|
|
|a 20260403d2025 k||y0rusy50 ca
|
| 101 |
0 |
|
|a rus
|
| 102 |
|
|
|a RU
|
| 135 |
|
|
|a drcn ---uucaa
|
| 200 |
1 |
|
|a Характеристики зажигания и горения самовоспламеняющихся топливных систем с гелеобразными компонентами на основе загущенного тетраметилэтилендиамина и белой дымящей азотной кислоты
|f Н. П. Надымова, А. О. Плешко
|g науч. рук. К. К. Паушкина
|
| 283 |
|
|
|2 RDAcarrier
|
| 320 |
|
|
|a Список литературы: 4 назв
|
| 336 |
|
|
|a Текстовый файл
|
| 463 |
|
1 |
|0 685753
|9 685753
|t Бутаковские чтения
|o сборник статей V Всероссийской с международным участием молодёжной конференции, 9-11 декабря 2025 г., Томск
|n Изд-во ТПУ
|c Томск
|d 2025
|u conference_tpu-2025-C133.pdf
|v С. 252-255
|
| 545 |
1 |
|
|a Теплофизические аспекты энергетических технологий
|
| 610 |
1 |
|
|a труды учёных ТПУ
|
| 610 |
1 |
|
|a электронный ресурс
|
| 610 |
1 |
|
|a самовоспламеняющиеся топлива
|
| 610 |
1 |
|
|a горение
|
| 610 |
1 |
|
|a зажигание
|
| 610 |
1 |
|
|a загущение
|
| 700 |
|
1 |
|a Надымова
|b Н. П.
|
| 701 |
|
1 |
|a Плешко
|b А. О.
|
| 702 |
|
1 |
|a Паушкина
|b К. К.
|c специалист в области теплоэнергетики
|c инженер Томского политехнического университета, ассистент
|f 1998-
|g Кристина Константиновна
|4 727
|
| 801 |
|
0 |
|a RU
|b 63413507
|c 20260403
|
| 850 |
|
|
|a 63413507
|
| 856 |
4 |
0 |
|u conference_tpu-2025-C133_p252-255.pdf
|z conference_tpu-2025-C133_p252-255.pdf
|
| 942 |
|
|
|c CF
|